000
00306nam a2200097Ia 4500
082
_a
345.68067 VAND
245
0
_a
DNA in the courtroom : principles and practice
100
_a
Meintjes-van der Walt, Lirieka, Cape Town, South Africa, 2010
942
_c
BK
008
210817s9999 xx 000 0 und d
999
_c
186645
_d
186640